Wszystkie przystanki linii tramwajowej numer 19 we Wrocławiu - Statystyki

Ogólne statystyki
  • Ten quiz został rozwiązany 8 razy
  • Średni wynik to 14 z 24
Statystyki odpowiedzi
Hint Odpowiedź % Poprawnych
9 Dubois
100%
2 Hala Stulecia
100%
1 Zoo
100%
6 Górnickiego
80%
3 Kliniki
80%
7 Ogród Botaniczny
80%
4 pl. Grunwaldzki
80%
10 Pomorska
80%
11 Kępa Mieszczańska
60%
24 Kozanów Dokerska
60%
12 Michalczyka
60%
5 Piastowska
60%
18 Port Popowice
60%
19 Wejherowska
60%
17 Białowieska
40%
14 Długa
40%
20 Kolista
40%
23 Kozanowska
40%
22 Modra
40%
16 Park Popowicki
40%
21 Pilczycka ( Anima )
40%
15 Wrocław Popowice 17 południk
40%
13 Wrocław Szczepin
20%
8 p. Bema
0%
Nie znaleziono quizów pasujących do podanych kryteriów
Rozkład punktacji
Procent ludzi z każdym wynikiem
Percentyl według liczby udzielonych odpowiedzi
Twoja historia wyników
Nie rozwiązałeś tego quizu